Geçmişten günümüze Niksar sikkeleri (Record no. 1934)

MARC details
000 -BAŞLIK
Sabit Uzunlukta Kontrol Alanı 00764na a2200241 4500
001 - KONTROL NUMARASI
Denetim Alanı 16536
003 - KONTROL NUMARASI IDENTIFIER
Denetim Alanı MIRAKIL
005 - SON İŞLEM TARİHİ VE ZAMANI
Denetim Alanı 20181213154839.0
008 - SABİT-BOY VERİ ELEMANLARI - GENEL BİLGİLER
Sabit Uzunlukta Kontrol Alanı 161012b tu 000 0
020 ## - ULUSLARARASI STANDART KİTAP NUMARASI
Uluslararası Standart Kitap Numarası 9789759217761
040 ## - KATALOGLAMA KAYNAK
Orijinal Kataloglama Ajansı Milas
Kataloglama Dili tur
Metne Dönüştürmek Ajansı TR-AnCHP
041 ## - DİL KODU
Metin / Ses Parça Veya Ayrı Başlığın Dil Kodu tur
-- eng
082 ## - DEWEY ONLU SINIFLANDIRMA NUMARASI
Sınıflandırma Numarası 737.49653424
Ürün Numarası G96g 2013
090 ## - SINIFLAMA NUMARASI
Sınıflama Numarası 737.49653424 G96g 2013
100 ## - ANA GİRİŞ - KİŞİSEL İSİM
Kişisel Ad Gürleyük, Koray
245 ## - BAŞLIK TABLOSU
Başlık Geçmişten günümüze Niksar sikkeleri
Başlığın Kalan = Neokaicaseira coins from the past to the present
Sorumluluk Tablosu, Vb Koray Gürleyük
260 ## - YAYIN, DAĞITIM, VB
Yayın, Dağıtım, Vb Yeri Niksar
Yayıncı, Dağıtıcı, Vs Adı Niksar Belediyesi
Yayın, Dağıtım, Vb Tarihi 2013
300 ## - FİZİKSEL TANIM
Kapsam 104 s.
Diğer Fiziksel Ayrıntıları fotg.
Boyutlar 27 sm.
504 ## - KAYNAKÇA VB NOT
Kaynakça Vb Notu Kaynakça var.
650 ## - KONU KATMA GİRİŞ - TOPİKAL DÖNEM
Topikal Süreli Veya Coğrafi Ad Giriş Elemanı Sikkeler,Türk
Genel Alt Bölümü Tarih
Kronolojik Alt Bölümü Kataloglar
Coğrafi Alt Bölümü Türkiye
-- Niksar
651 ## - KONU KATMA GİRİŞ - COĞRAFİ ADI
Coğrafi İsim Niksar (Tokat)
Genel Alt Bölümü Sikkeler
Kronolojik Alt Bölümü Tarih
942 ## - EKLENDİ GİRİŞ ELEMANLARI (KOHA)
Sınıflandırma Veya Raf Düzeni Kaynak Dewey Decimal Classification
Koha Öğesi Türü Books
999 ## - SİSTEM KONTROL NUMARALARI (KOHA)
Koha Biblionumber 1934
Koha Biblioitemnumber 1934
Holdings
Kalıcı Konum Mevcut Konum Edinme Tarihi Edinim Kaynak Toplam Check-Out'Lar Tam Çağrı Numarası Barkod Tarih Son Görülme İtibaren Geçerli Fiyatlar Koha Öğesi Türü
CHP Kütüphanesi CHP Kütüphanesi 10/07/2016 Bağış   737.49653424 G96g 2013 006547 10/07/2016 10/07/2016 Books